Logo BPK

Biblioteka

Politechniki Koszalińskiej

Problemy projektowania i wykonawstwa budowli wieżowych. (Rekord nr 20586)

Szczegóły MARC
000 -ETYKIETA REKORDU
podpole kontrolne o stałej długości 00499nam a2200157 i 4500
001 - NUMER KONTROLNY REKORDU
pole kontrolne bg
040 ## - ŹRÓDŁO KATALOGOWANIA
Instytucja, która utworzyła rekord BPK
041 ## - KOD JĘZYKA
Kod języka tekstu pol
080 ## - UNIWERSALNA KLASYFIKACJA DZIESIĘTNA - UKD
UKD 624+69](075.8)
008 - POLE O STAŁEJ DŁUGOŚCI - DANE KONTROLNE
podpole kontrolne o stałej długości s pl f |000 0 pol
100 1# - NAZWA OSOBOWA
Nazwa osobowa DZIADEK, Tomasz.
245 #0 - TYTUŁ/ODPOWIEDZIALNOŚĆ
Tytuł Problemy projektowania i wykonawstwa budowli wieżowych.
Oznaczenie części/sekcji dzieła Cz. 10,
Tytuł części/sekcji dzieła Zagadnienia technologiczne projektowania i wykonawstwa budowli wieżowych /
Pozostałe elementy strefy tytułu i oznaczenia odpowiedzialności Tomasz Dziadek, Oswald Mateja.
260 ## - STREFA ADRESU WYDAWNICZEGO
Miejsce wydania Opole,
Data publikacji, dystrybucji/powstania dokumentu 1980.
700 1# - HASŁO DODATKOWE - NAZWA OSOBOWA
Nazwa osobowa MATEJA, Oswald.
856 ## - LOKALIZACJA I DOSTĘP DO ELEKTRONICZNYCH DOKUMENTÓW ZDALNYCH
Link (URL) http://koha.tu.koszalin.pl/cgi-bin/koha/opac-detail.pl?biblionumber=20586
Tekst linku Katalog online BPK
942 ## - DODATKOWE ELEMENTY (KOHA)
Typ dokumentu Książka
Egzemplarze
Wycofany Status egzemplarza Uszkodzony Dostępność Lokalizacja stała Lokalizacja bieżąca Miejsce przechowywania Sygnatura Kod kreskowy Typ dokumentu
      Dostępny Biblioteka Politechniki Koszalińskiej Biblioteka Politechniki Koszalińskiej Wypożyczalnia BG 28986 01443073 Książka
© 2023 Biblioteka Politechniki Koszalińskiej :: KOHA